| 000 | 00458nam a2200181Ia 4500 | ||
|---|---|---|---|
| 005 | 20250423095256.0 | ||
| 008 | 250422s9999 xx 000 0 und d | ||
| 020 | _a978-0-7575-5263-2 | ||
| 050 | _aTA 174 .V56/ | ||
| 100 | _aVinson, Gerald E. | ||
| 245 | 0 | _aEssentials of engineering design graphics: theory & tear-out exercises | |
| 250 | _a3rd ed. | ||
| 260 | _aIowa | ||
| 260 | _bKendall/Hunt | ||
| 260 | _c2008 | ||
| 650 | _aDesign | ||
| 942 | _cBK | ||
| 999 |
_c29779 _d29779 |
||